| 000 | 00415nam a22001577a 4500 | ||
|---|---|---|---|
| 999 |
_c264261 _d264260 |
||
| 003 | OSt | ||
| 005 | 20240807164252.0 | ||
| 008 | 240807b xxu||||| |||| 00| 0 eng d | ||
| 020 | _a0064402754 | ||
| 040 | _cRU | ||
| 100 | _a Barbara, Robinson | ||
| 245 |
_aThe Best Christmas Pageant Ever _cby Robinson Barbara, ill by Gwyn Brown |
||
| 260 |
_aUSA _bHarperTrophy _c1972 |
||
| 300 |
_a80p. _bill. |
||
| 942 |
_2lcc _cBK |
||